| 000 | 00788nam a2200301Ia 4500 | ||
|---|---|---|---|
| 008 | 160803s9999 xx 000 0 und d | ||
| 020 | _a0 545389720 | ||
| 100 | _aPatneaude, David | ||
| 245 | _aEpitaph road / | ||
| 245 | _cDavid Patneaude. | ||
| 260 | _aNew York : | ||
| 260 | _bScholastic Inc. | ||
| 260 | _c2010 | ||
| 300 | _a266 pages ; | ||
| 300 | _c20 cm | ||
| 500 | _aOriginally published: New York : Egmont USA, 2010. | ||
| 650 | _aFathers and sons -- | ||
| 650 | _aMatriarchy -- | ||
| 650 | _aSex role -- | ||
| 650 | _aTeenage boys -- | ||
| 650 | _aVirus diseases -- | ||
| 650 | _xJuvenile fiction. | ||
| 650 | _xJuvenile fiction. | ||
| 650 | _xJuvenile fiction. | ||
| 650 | _xJuvenile fiction. | ||
| 650 | _xJuvenile fiction. | ||
| 700 | _a720 | ||
| 999 |
_c298433 _d298433 |
||